Welcome to the Holygrace Academy Library

Please use search bar below to get started

TEACHING SCIENCE IN CLASSROOMS (Record no. 5377)

MARC details
000 -LEADER
fixed length control field 00445nam a22001457a 4500
020 ## - INTERNATIONAL STANDARD BOOK NUMBER
ISBN 81-7169-956-1
082 ## - DEWEY DECIMAL CLASSIFICATION NUMBER
Classification number 372
Item number SEN/T
100 ## - MAIN ENTRY--AUTHOR NAME
Personal name SEN, B R
245 ## - TITLE STATEMENT
Title TEACHING SCIENCE IN CLASSROOMS
260 ## - PUBLICATION, DISTRIBUTION, ETC. (IMPRINT)
Place of publication DELHI
Name of publisher COMMONWEALTH PUBLISHERS
Year of publication 2005
300 ## - PHYSICAL DESCRIPTION
Number of Pages 262
520 ## - SUMMARY, ETC.
Summary, etc A practical methods text that prepares teachers to engage their students in rich science learning experiences
650 ## - SUBJECT ADDED ENTRY--TOPICAL TERM
Topical Term PRACTICALS IN SCIENCE
Geographic subdivision INDIA
942 ## - ADDED ENTRY ELEMENTS (KOHA)
Koha item type Books
Holdings
Withdrawn status Lost status Collection code Home library Current library Shelving location Date acquired Source of acquisition Cost, normal purchase price Full call number Accession Number Koha item type
    Reference Main Library Main Library   04/03/2006 purchase 140.00 372 SEN/T 02239 Books